000 01067nam a2200265Ia 4500
003 IN-BaIIA
008 211028s9999 xx 000 0 eng d
020 _a3-540-53955-7
040 _cIIA Library
080 _a082.2:52
_bIAU-C130
111 _aColloquium of the International Astronomical Union
_cFinland
_d1990 July 17 - 20
_917413
245 4 _aThe sun and cool stars-activity,magnetism,dynamos
_bproceedings of colloquium No.130 of the International Astronomical Union held in Helsinki, Finland, 17 - 20 July 1990
_cedited by I. Tuominen, Moss D. and Rudiger G.
260 _aBerlin
_bSpringer-Verlag
_c1991
300 _ax, 530p.
490 _aLecture notes in physics; v. 380
650 _aAstronomy and Astrophysics Thesaurus
650 _aCool Stars
_95425
650 _aSolar activity
_91424
650 _aSun
_91200
700 _aMoss, D., ed.
_917414
700 _aRudiger, G., ed.
_917415
700 _aTuominen, I., ed.
_917416
710 _aInternational Astronomical Union
942 _cBK
999 _c10245
_d10245